000 00499nam a2200181Ia 4500
008 230524s9999 xx 000 0 und d
020 _a9.78801E+13
082 _a629.40954
_bKAL
100 _aA.P.J. Abdul Kalam
245 4 _aThe Scientific INDIAN a Twenty-First Century Guide to the World Around us
250 _a1
260 _aNew Delhi
_bpenguin
_c2020
300 _a222p;
500 _aQuantity Number: 1
650 _aMiscellaneous
_91877
700 _aY.S. Rajan
_941790
942 _cBK
999 _c60752
_d60752